00501nam a2200169Ia 4500003000400000008004100004040001600045082001600061100001800077245007900095700001700174700001600191260006000207650002400267650002400291650001600315GCL140319s9999 xx 000 0 eng d aGCL / cGCL04a004.35bH P1 aSWEENEY, P.J.10aPARALLEL PROCESSING: THE TRANSPUTER AND ITS APPLICATIONS / cSWEENEY, P.J.1 aHULL, M.E.C.1 aCROOKES, D. a[S.N] : bADDISON - WESLEY PUBLISHING COMPANY ، c199404aPARALLEL PROCESSING04aELECTRONIC COMPUTER04aTRANSPUTERS